000 00386 a2200169 4500
001 186367
020 _a85-262-3724-1
040 _cMagnum
100 _aBraga, Edson Rocha
240 1 0 _aAli-babá e os quarenta ladrões
_lpor
245 1 0 _aAli-babá e os quarenta ladrões
300 _a47
362 0 _a2004
440 1 _aScipione
697 _aLITERATURA INFANTO
942 _cBK
999 _c186367
_d186367